000 01121cam a22002895a 4500
001 13392536
005 20201128023713.0
008 031103s2003 enka frb 001 0 eng d
010 _a 2003279682
020 _a9780192802811
035 _a(OCoLC)ocm51872332
040 _aUKM
_beng
_cUKM
_dDLC
_dEG-ScBUE
082 0 4 _a320.5
_bFRE
_222
100 1 _aFreeden, Michael.
_939754
245 1 0 _aIdeology :
_ba very short introduction /
_cMichael Freeden.
260 _aOxford ;
_aNew York :
_bOxford University Press,
_c2003.
300 _a[ix], 142 p. :
_bill. ;
_c18 cm.
490 0 _aVery short introductions ;
_v95
500 _aIndex : p. 135-142.
504 _aBibliography : p. 129-133.
520 _aIdeology is one of the most controversial terms in the political vocabulary, exciting both revulsion and inspiration. This book examines the reasons for those views, and explains why ideologies deserve respect as a major form of political thinking.
650 7 _aIdeology.
_2BUEsh
_91315
650 7 _aPolitical science.
_2BUEsh
_91313
651 _2BUEsh
653 _bEEENG
_bBUSBOL
_cApril2016
942 _2ddc
999 _c21567
_d21539